000 00415nam a2200181Ia 4500
001 15186
005 20260306165009.0
008 260306t2004||||xx |||||||||||||| ||spa||
041 _aESP
082 _a530
_bS731 V. 1 2004
100 _aSears, Francis W.
_eAUT
245 0 _aFĂ­sica universitaria
260 _c2004
300 _aV. 1
_c27 cm.
650 _aGEN
654 _aCCN
942 _cLIB
_dJUS
_fJUS
_2ddc
_n
999 _c15186
_d15186